[Event "Medellin Cuartas Memorial"]
[Site "Medellin"]
[Date "2011.08.04"]
[Round "2"]
[White "Uribe, Mauricio"]
[Black "Ramirez, Jaime Orlando"]
[Result "1-0"]
[WhiteElo "2346"]
[BlackElo "1969"]
[PlyCount "97"]
[EventDate "2011.08.03"]
[EventType "swiss"]
[EventRounds "8"]
[EventCountry "COL"]
[SourceTitle "CBM 144 Extra"]
[Source "ChessBase"]
[SourceDate "2011.10.28"]
[SourceVersion "1"]
[SourceVersionDate "2011.10.28"]
[SourceQuality "1"]

1. e4 c5 2. Nc3 Nc6 3. Bb5 Nd4 4. Nf3 Nxb5 5. Nxb5 d6 6. d4 Qa5+ 7. Nc3 Bg4 8. Be3 Nf6 9. Qd2 cxd4 10. Nxd4 Rc8 11. f3 Bd7 12. Nb3 Qc7 13. g4 Bc6 14. 0-0-0 Nd7 15. Kb1 e6 16. Nd4 Ne5 17. Ndb5 Bxb5 18. Nxb5 Qd7 19. Nxd6+ Bxd6 20. Qxd6 Qxd6 21. Rxd6 Nxf3 22. Bxa7 h5 23. gxh5 Rxh5 24. Rd3 Ng5 25. Rb3 Nxe4 26. Rxb7 Nd2+ 27. Kc1 Nc4 28. b3 Nd6 29. Rb8 Ra5 30. Rxc8+ Nxc8 31. Bd4 e5 32. b4 Rxa2 33. Bxe5 f6 34. Bd4 Ne7 35. Re1 Kd7 36. Kb1 Ra8 37. Kb2 Rh8 38. Re2 Rh4 39. Rd2 Kc6 40. Kb3 Nd5 41. b5+ Kc7 42. c4 Rh3+ 43. Ka4 Nb6+ 44. Kb4 Nd7 45. c5 Ne5 46. b6+ Kb7 47. Bxe5 fxe5 48. Kb5 Rb3+ 49. Kc4 1-0

[Event "Bridgetown Heroes Day"]
[Site "Bridgetown"]
[Date "2011.04.30"]
[Round "5"]
[White "Hammar, Bengt Erik"]
[Black "Uribe, Mauricio"]
[Result "0-1"]
[WhiteElo "2283"]
[BlackElo "2355"]
[PlyCount "80"]
[EventDate "2011.04.28"]
[EventType "tourn"]
[EventRounds "9"]
[EventCountry "BAR"]
[EventCategory "3"]
[SourceTitle "CBM 142 Extra"]
[Source "ChessBase"]
[SourceDate "2011.06.27"]
[SourceVersion "1"]
[SourceVersionDate "2011.06.27"]
[SourceQuality "1"]

1. e4 c5 2. Nf3 a6 3. c4 Nc6 4. d4 cxd4 5. Nxd4 e5 6. Nc2 Bc5 7. Be3 d6 8. Be2 Be6 9. Nc3 Nf6 10. 0-0 0-0 11. a3 Rc8 12. Rc1 Na5 13. Bxc5 dxc5 14. Ne3 Qxd1 15. Rfxd1 Nb3 16. Rb1 Rfd8 17. Rxd8+ Rxd8 18. Rd1 Rxd1+ 19. Bxd1 Nd2 20. b3 Ndxe4 21. Nxe4 Nxe4 22. Bf3 Nd6 23. Kf1 e4 24. Bd1 f5 25. g3 g5 26. Ke1 Kg7 27. Kd2 Kf6 28. Ng2 Ke5 29. f4+ exf3 30. Bxf3 b5 31. cxb5 Nxb5 32. b4 Nxa3 33. bxc5 Kd4 34. c6 Nc4+ 35. Kc2 Ne5 36. Ne1 Ke3 37. Bh1 Ke2 38. c7 Kxe1 39. Bb7 f4 40. gxf4 gxf4 0-1

[Event "Bogota McGregor op 1st"]
[Site "Bogota"]
[Date "2010.12.06"]
[Round "6"]
[White "Martinez Zuluaica, Julian"]
[Black "Uribe, Mauricio"]
[Result "1/2-1/2"]
[WhiteElo "2151"]
[BlackElo "2381"]
[PlyCount "39"]
[EventDate "2010.12.03"]
[EventType "swiss"]
[EventRounds "10"]
[EventCountry "COL"]
[SourceTitle "CBM 139 Extra"]
[Source "ChessBase"]
[SourceDate "2011.01.05"]
[SourceVersion "1"]
[SourceVersionDate "2011.01.05"]
[SourceQuality "1"]

1. d4 e6 2. Nf3 Nf6 3. c4 Bb4+ 4. Bd2 Qe7 5. e3 b6 6. Bxb4 Qxb4+ 7. Qd2 Qxd2+ 8. Nbxd2 Bb7 9. Bd3 d6 10. 0-0 a5 11. Rac1 Nbd7 12. Rfe1 0-0 13. Ng5 Rfd8 14. Nge4 Rac8 15. f3 Kf8 16. Nxf6 Nxf6 17. Ne4 Bxe4 18. Bxe4 Nxe4 19. fxe4 e5 20. d5 1/2-1/2

[Event "Bogota McGregor op 1st"]
[Site "Bogota"]
[Date "2010.12.04"]
[Round "4"]
[White "Uribe, Mauricio"]
[Black "Bruzon Batista, Lazaro"]
[Result "0-1"]
[WhiteElo "2381"]
[BlackElo "2668"]
[PlyCount "116"]
[EventDate "2010.12.03"]
[EventType "swiss"]
[EventRounds "10"]
[EventCountry "COL"]
[SourceTitle "CBM 139 Extra"]
[Source "ChessBase"]
[SourceDate "2011.01.05"]
[SourceVersion "1"]
[SourceVersionDate "2011.01.05"]
[SourceQuality "1"]

1. e4 e5 2. Nf3 Nc6 3. Bb5 a6 4. Bxc6 dxc6 5. 0-0 Bd6 6. d4 exd4 7. Qxd4 f6 8. b3 Qe7 9. Be3 Be6 10. Nbd2 Qf7 11. Nc4 Bxc4 12. bxc4 c5 13. Qd5 Rb8 14. Rad1 Ne7 15. Qxf7+ Kxf7 16. e5 fxe5 17. Ng5+ Kg6 18. Ne4 Nf5 19. g4 Nxe3 20. fxe3 Rbd8 21. Rf5 Be7 22. Rdf1 Rhf8 23. Rxe5 Rxf1+ 24. Kxf1 Kf7 25. Rf5+ Ke8 26. Ke2 b6 27. h3 c6 28. Rh5 h6 29. g5 Kf7 30. gxh6 g6 31. Re5 Rh8 32. Nf2 Rxh6 33. Re4 Rh8 34. Rf4+ Ke6 35. Rg4 g5 36. Rg3 b5 37. Ne4 Kf5 38. Nd2 Rh4 39. Kd3 Bd6 40. Rf3+ Ke6 41. cxb5 cxb5 42. c4 Rh8 43. Ne4 Be7 44. Rg3 Rd8+ 45. Kc2 Kf5 46. Nd2 b4 47. Rf3+ Ke6 48. Nb3 a5 49. Nd2 a4 50. Rf1 Rh8 51. Rf3 Bf6 52. Ne4 Be7 53. Nd2 Rh4 54. Kd3 Bf6 55. Ne4 Rxe4 56. Kxe4 b3 57. Rf2 a3 58. Kd3 Bb2 0-1

[Event "Bogota McGregor op 1st"]
[Site "Bogota"]
[Date "2010.12.04"]
[Round "3"]
[White "Uribe, Mauricio"]
[Black "Gonzalez, Robert1111"]
[Result "1-0"]
[WhiteElo "2381"]
[BlackElo "2054"]
[PlyCount "59"]
[EventDate "2010.12.03"]
[EventType "swiss"]
[EventRounds "10"]
[EventCountry "COL"]
[SourceTitle "CBM 139 Extra"]
[Source "ChessBase"]
[SourceDate "2011.01.05"]
[SourceVersion "1"]
[SourceVersionDate "2011.01.05"]
[SourceQuality "1"]

1. e4 d6 2. d4 Nf6 3. Nc3 g6 4. Nf3 Bg7 5. h3 0-0 6. Be3 c6 7. a4 Na6 8. Be2 Nc7 9. 0-0 b6 10. Qd2 c5 11. Bh6 Bb7 12. Bxg7 Kxg7 13. Qe3 cxd4 14. Nxd4 e5 15. Ndb5 Nce8 16. Rad1 a6 17. Na3 Qc7 18. Nc4 Nd7 19. Rd2 Rd8 20. b4 f5 21. Rfd1 f4 22. Qd3 Rf6 23. Nd5 Bxd5 24. Qxd5 Rc8 25. Bg4 Rd8 26. Bxd7 Qxd7 27. Nxe5 Qxa4 28. Qb7+ Kg8 29. Qe7 Rc8 30. Ng4 1-0

[Event "Pan American Continental"]
[Site "Cali"]
[Date "2010.11.19"]
[Round "5"]
[White "Alvarez, Javier"]
[Black "Uribe, Mauricio"]
[Result "1/2-1/2"]
[WhiteElo "2160"]
[BlackElo "2381"]
[PlyCount "73"]
[EventDate "2010.11.17"]
[EventType "swiss"]
[EventRounds "9"]
[EventCountry "COL"]
[SourceTitle "CBM 139 Extra"]
[Source "ChessBase"]
[SourceDate "2011.01.05"]
[SourceVersion "1"]
[SourceVersionDate "2011.01.05"]
[SourceQuality "1"]

1. e4 e6 2. d4 d5 3. Nc3 Bb4 4. e5 Ne7 5. a3 Bxc3+ 6. bxc3 b6 7. Qg4 Ng6 8. h4 h5 9. Qd1 Ba6 10. Ne2 Qd7 11. Ng3 Qc6 12. Bxa6 Nxa6 13. Qd3 Qa4 14. Bg5 Nf8 15. Qf3 Qxc2 16. Rc1 Qb3 17. Nxh5 Rh7 18. Nxg7+ Rxg7 19. Qf6 Rxg5 20. Qxg5 Qxa3 21. h5 Qe7 22. Qg7 0-0-0 23. Rh3 Nd7 24. Rf3 Qh4 25. h6 Nac5 26. dxc5 Nxc5 27. Rxf7 Kb8 28. Rxc7 d4 29. Rxc5 d3 30. Qc7+ Ka8 31. Qc6+ Kb8 32. Qc7+ Ka8 33. Qc6+ Kb8 34. Qc7+ Ka8 35. Qc6+ Kb8 36. Qc7+ Ka8 37. Qc6+ 1/2-1/2